000 00580nam a2200193 i 4500
001 98238
003 ES-MaACL
005 20230906182236.0
007 t|
008 050727s1908 fr ||||1| fre d
100 1 _aMartel, Edouard Alfred.
_977150
245 1 2 _aL'évolution souterraine /
_cE. A. Martel.
260 _aParis :
_bErnest Flammarion,
_c1908.
300 _a388 p. :
_bil. ;
_c19 cm.
490 1 _aBibliothèque de philosophie scientifique
830 0 _aBibliothèque de philosophie scientifique
_9181135
852 _aES-MaACL
_jF-6354
999 _c98238
_d98238